000 00607nam a2200205Ia 4500
005 20250923144728.0
008 008 250917s9999 xx 000 0 eng d
037 _aTextual
040 _aDSWL
_beng
_cDSWL
041 _aeng
_2eng
084 _aY1:1:12.2, G2.1
_qDSWL
100 _aDas, Bhagvan
_9827806
245 0 _aScience of social organisation on Vol.I
_cby Bhagvan Das
260 _aMadras
_b Theosophical Publishing House
_c1932
300 _axxxviii,394p.
365 _aINR
_b2.50
925 _g2.50
942 _cTEXL
_hY1:1:12.2, G2.1
999 _c1442577
_d1442577